Christian practical wisdom :What it is, why it matters (Record no. 22503)

MARC details
000 -LEADER
fixed length control field 00470cam a2200181 i 4500
020 ## - INTERNATIONAL STANDARD BOOK NUMBER
ISBN 9780802868732 (pbk. : alk. paper)
082 00 - DEWEY DECIMAL CLASSIFICATION NUMBER
Classification number 248
Author Cutter BAS
245 00 - TITLE STATEMENT
Title Christian practical wisdom :What it is, why it matters
260 ## - PUBLICATION, DISTRIBUTION, ETC. (IMPRINT)
Place of publication U.S.A
Name of publisher Wm.B.Eerdmans
Year of publication 2016
300 ## - PHYSICAL DESCRIPTION
Number of Pages viii, 352 pages ;
500 ## - GENERAL NOTE
General note Includes index.
650 #0 - SUBJECT ADDED ENTRY--TOPICAL TERM
Topical Term Christian life.
650 #0 - SUBJECT ADDED ENTRY--TOPICAL TERM
Topical Term Wisdom.
650 #0 - SUBJECT ADDED ENTRY--TOPICAL TERM
Topical Term Spiritual life
942 ## - ADDED ENTRY ELEMENTS (KOHA)
Koha item type Books
700 1# -
-- Bass, Dorothy C.,
Holdings
Home library Current library Shelving location Date acquired Full call number Accession Number Koha item type
Henry Martyn Institute Library Henry Martyn Institute Library General stacks 11/15/2018 248 BAS 11003864 Books
                   Copyright © 2026 | Henry Martyn Institute | Hyderabad | TS-500052 | INDIA | Implemented by hmi.edu.in
Hit-Count:

Powered by Koha